| 000 | 01958nam a22002177a 4500 | ||
|---|---|---|---|
| 003 | GR-AtMCL | ||
| 005 | 20251223123737.0 | ||
| 006 | a|||||r||||||||||| | ||
| 008 | s2013 gr a b 000 0 gre d | ||
| 020 | _a9786185059064 | ||
| 040 |
_aGR-AtMCL _bgre _dGR-AtMCL _eAACR2 |
||
| 100 |
_aΣταμάτης, Παναγιώτης Ι. _910203 |
||
| 245 | 1 | 0 |
_aΕπικοινωνία στην εκπαίδευση / _cΠαναγιώτης Ι. Σταμάτης. |
| 260 |
_aΑθήνα : _bΔιάδραση, _c2013. |
||
| 300 |
_a335 σ. : _bεικ. ; _c24 εκ. |
||
| 504 | _aΠεριέχει βιβλιογραφία. | ||
| 505 | 0 | _aΜέρος 1ο. Βασικές έννοιες, τύποι, στρατηγικές και τεχνικές επικοινωνίας. Κεφ.1. Έννοια, σημασία και μορφές επικοινωνίας -- Κεφ.2. Εμπόδια, προβλήματα και διαταραχές επικοινωνίας -- Κεφ.3. Στρατηγικές και τεχνικές επικοινωνίας. Τύποι ή στυλ επικοινωνίας -- Μέρος 2ο. Σχολικός χώρος και επικοινωνία - Χώρος, ο δεύτερος παιδαγωγός: από τα σχολεία του χτες στα σχολεία του αύριο. Κεφ.1. Ο χώρος -- Κεφ.2. Ιστορία του σχολικού χώρου -- Κεφ.3. Σχεδιασμός σχολικών χώρων -- Μέρος 3ο. Επικοινωνία εκπαιδευτικών και γονέων στο σχολικό περιβάλλον. Κεφ.1. Επικοινωνία στο σχολικό περιβάλλον -- Κεφ.2. Επικοινωνία στην εκπαιδευτική διαδικασία -- Κεφ.3. Η γονεϊκή εμπλοκή/συμμετοχή στην εκπαιδευτική διαδικασία. | |
| 650 | 0 |
_aΕκπαίδευση _99953 |
|
| 942 | 0 | 0 | _cBK |
| 999 |
_c10003 _d10003 |
||